| 000 | 00397nam a22001457a 4500 | ||
|---|---|---|---|
| 999 |
_c15400 _d15400 |
||
| 020 | _a978-93-51073-49-9 | ||
| 082 |
_a664.02 _bSIN/FO |
||
| 100 |
_aSingh,Paul R. _aHeldman, Dennis.R _93078 |
||
| 245 | _aIntroduction to Food Engineering | ||
| 250 | _a5 / | ||
| 260 |
_aNew Delhi _bAP/Elsevier _c2017 |
||
| 300 | _a867 | ||
| 490 | _aFood Science and technology, International Series | ||
| 942 | _cBBS | ||